Statistiques concernant Culture Générale - Série 1851

Cliquez ici pour prendre le quiz!

Statistiques générales

  • Ce quiz a été pris 74 fois
  • Le résultat moyen est 2 sur 10

Statistiques - réponses

QuestionRéponse% Correct
Qu'est-ce que le "smurf" ?danse
54%
Quel est le nom hébreu de Noé ?Noah
51%
Quel est l'ancien nom de l'hirondelle, donné à un ancien modèle de voiture Simca ?aronde
38%
Quel écrivain prénommé Ernest (1823-1892) a publié l'essai "La vie de Jésus" en 1863 ?Renan
28%
Quelle rivière arrose la ville de Quimper, chef-lieu du Finistère ?Odet
26%
Quel nom donne-t-on à la tête de rocher voisine des côtes et dangereuse pour la navigation ?étoc
24%
Quel était le prénom du philosophe et historien français Taine (1828-1893) ?Hippolyte
12%
C'est un tubercule tropical consommé comme légume et une rivière d'Italie affluent du Pô ? voir phototaro
6%
C'est une file toile de lin et un cours d'eau des Côtes-d'Armor et d'Ille-et-Vilaine ?linon
1%
Quel adjectif donne-t-on à un mariage nul que les époux ont contracté de bonne foi ? putatif
1%

Distribution des résultats

Percentile par nombre de réponses

% des personnes avec chaque résultat

Votre développement - résultats

Vous n’avez pas pris ce quiz